| 000 | 00563nam a22001817a 4500 | ||
|---|---|---|---|
| 005 | 20251108165506.0 | ||
| 008 | 250721s9999 xx 000 0 ara d | ||
| 082 | 1 | 4 | _aم/216.8/ذهب |
| 100 | 1 | _aالذهبي، شمس الدين أبو عبد الله | |
| 245 | 1 | 0 | _aالكبائر / |
| 264 | 1 |
_aالقاهره : _bمكتبة القرآن للطبع و النشر و التوزيع، _c[19-]. |
|
| 300 | _a160ص | ||
| 650 | 1 | 7 | _aالإسلام |
| 650 | 1 | 7 | _aالفقه الإسلامي |
| 650 | 1 | 7 | _aالعقوبات |
| 942 |
_2ddc _cREF |
||
| 999 |
_c29203 _d29203 |
||